00561 a2200169 4500010001400000020002300014035001300037037001500050082001300065100002100078245007500099250000600174260004200180270012400222300002700346700001800373 aENG-90213 a8175346505c110.00 aEN-73746 bDBAD / PUB14a347.54011 aAggarwal, Nomita1 aA beginners path to moot court/cby Nomita Aggarwal [and] Mukesh Anand a. aDelhibUniversal Law Publishingc2008 aC-FF-1A, Dilkhush Industrial Estate, G.T. Karnal RoadbDelhie110 033cDelhi :k27438103l27458529mwww.unilawbooks.com aix, 126p.c24 cm (Pbk) aAnand, Mukesh